00436nam a2200181Ia 4500008004000000020001800040041000800058082001700066100002700083245003700110260004200147300001200189650001300201650001100214650001000225650001100235650000800246210210b2012 xxu||||| |||| 00| 0 eng d a9788183875325 aeng a341.481 SINH aSINGH (Awadhesh Kumar) aHuman rights violence and crimes aNew DelhibSerials Publicationsc2012 axii,280 aviolence arights aHuman acrimes aand